Curso de economía aplicada / (Record no. 36546)

MARC details
000 -LEADER
campo de control de longitud fija 00634nam a2200193 i 4500
001 - NÚMERO DE CONTROL
campo de control 36546
003 - IDENTIFICADOR DE NÚMERO DE CONTROL
campo de control ES-MaACL
005 - FECHA Y HORA DE LA ÚLTIMA TRANSACCIÓN
campo de control 20230906155406.0
007 - CAMPO FIJO DE DESCRIPCIÓN FÍSICA--INFORMACIÓN GENERAL
campo de control de longitud fija t|
008 - DATOS DE LONGITUD FIJA--INFORMACIÓN GENERAL
campo de control de longitud fija 030218s1966 sp ||||1| spa d
100 1# - ENTRADA PRINCIPAL--NOMBRE DE PERSONA
Nombre de persona Brown, Ernest Henry Phelps.
9 (RLIN) 31987
245 10 - MENCIÓN DEL TÍTULO
Título Curso de economía aplicada /
Mención de responsabilidad, etc. por Ernest Henry Phelps Brown y J. Wiseman ; versión Gerardo Guinea Rodriguez.
250 ## - MENCION DE EDICION
Mención de edición 1ª ed. española de la 2ª ed. inglesa.
260 ## - PUBLICACIÓN, DISTRIBUCIÓN, ETC.
Lugar de publicación, distribución, etc. Madrid :
Nombre del editor, distribuidor, etc. COMPI,
Fecha de publicación, distribución, etc. 1966.
300 ## - DESCRIPCIÓN FÍSICA
Extensión 506 p. ;
Dimensiones 22 cm.
700 1# - ENTRADA AGREGADA--NOMBRE PERSONAL
Nombre de persona Wiseman, J.
9 (RLIN) 117147
700 1# - ENTRADA AGREGADA--NOMBRE PERSONAL
Nombre de persona Guinea Rodríguez, Gerardo.
9 (RLIN) 60864
852 ## - LOCALIZACIÓN
Ubicación ES-MaACL
Número de control de estantería C-31568
Sublocalización o colección R.61453
Holdings
Estatus retirado Estado de pérdida Estado de daño No para préstamo Biblioteca de origen Biblioteca actual Ubicación en estantería Fecha de adquisición Fuente de adquisición Total de préstamos Signatura topográfica completa Código de barras Visto por última vez Precio de reemplazo Tipo de ítem Koha
        Biblioteca del Ateneo de Madrid Biblioteca del Ateneo de Madrid Depósito 2 17/01/2008     C-31568 1038399 23/02/2023 23/02/2023 Libro impreso